Provinz - Spring (lyrics) - Statistiken

Allgemein
  • Dieses Quiz wurde 119 mal gespielt
  • Das Durchschnittsergebnis liegt bei 237 aus 323
Antwortstatistiken
Antwort % Korrekt
(spring)
100%
du
98%
ich
95%
da
94%
wie
91%
das
89%
musst
89%
wir
89%
Springen,
88%
springen
88%
springen,
88%
wo
86%
es
85%
hin
83%
hin)
83%
hin,
83%
hoch,
83%
fallen
82%
sind
82%
sind)
82%
dann
80%
nicht
78%
was
78%
wieder
78%
der
77%
ein
77%
man
77%
Paris,
77%
Paris
77%
und
77%
Wenn
77%
damit
75%
dass
75%
endlich
75%
hat
75%
mein
75%
mir
75%
nach
75%
oder
75%
weh
75%
die
74%
dir
74%
einen
74%
Florenz
74%
tut
74%
wolltest
74%
als
72%
fliegen,
72%
fliegen
72%
in
72%
will
72%
am
71%
Wien
71%
bist,
69%
denn
69%
Ende
69%
komm,
69%
meine
69%
nur
69%
bei
68%
doch
68%
mit
68%
nie
68%
noch
68%
wär
68%
war
68%
woanders
68%
(anders
66%
Brief
66%
ja
66%
ja,
66%
schreib
66%
sie
66%
ziehe
66%
aus
65%
Luft
65%
Balkon
63%
Balkon,
63%
Mac
63%
oben,
63%
oben
63%
bereut
62%
ganz
62%
Lungen
62%
mehr
62%
penn
62%
probiert
62%
habe
60%
Trikot
60%
Liebe,
58%
Miller
58%
sag,
57%
vierzehn
57%
vor
57%
geweint
55%
hast
55%
nein
55%
rauche
55%
sich
55%
starb
55%
auf
54%
kann
54%
keine
54%
Welt
54%
zu
54%
sein
52%
trägst
52%
wollten
52%
Angst
51%
bin
51%
Haze,
51%
müssen
51%
nichts
51%
Träume,
51%
unsere
51%
verändert
51%
Zeit
51%
leiden
49%
ging
48%
ist
48%
ManU
48%
morgen
48%
Stadt
48%
unter,
48%
wird
48%
Blick
46%
dunkel
46%
dieses
45%
Tunnels
45%
brennt
43%
erreicht,
43%
erreicht
43%
Feuer,
43%
gar
43%
unsre
43%
weißt,
43%
brannten
42%
klein
42%
leuchten
42%
tief,
42%
oft
38%
Augen
35%
dabei,
35%
Kapuze
34%
hungrig
31%
hinter
29%
ey
20%
Keine übereinstimmenden Quizze gefunden
Verteilung der Resultate
Anzahl Personen mit jedem Resultat
Perzentil nach korrekt beantworteten Fragen
Ihre Resultats-Entwicklung
Sie haben dieses Quiz noch nicht gespielt